00614nam a2200169Ia 4500001000900000003000500009005001700014008004100031010001100072040001800083100005400101245014600155260007200301300001000373500004000383650002100423dia_4255CHAP20251029161251.0220117s1981 xx 000 0 und d a174903 cCHAPamxchpua aMinisterio de agricultura, pesca y alimentación aCaña de azucar. Memoria de los ensayos y trabajos realizados en la campaña 1980-81 /c Ministerio de agricultura, pesca y alimentación aMéxico :b Instituto nacional de investigaciones agrarias,c1981 a29 p. aD. (Serie producción vegetal, 49) aCaña de azucar